| 000 | 00500nam a2200217Ia 4500 | ||
|---|---|---|---|
| 001 | 109899 | ||
| 003 | YMCAF | ||
| 005 | 20230512162405.0 | ||
| 008 | 100717s2004 ||||||||||||||||| ||und|d | ||
| 024 | _a109899 | ||
| 035 | _aWB886 | ||
| 040 |
_aYMCAF _beng _cIN-KoLT |
||
| 041 | _aeng | ||
| 082 |
_a515.35 _bREN |
||
| 100 | _aRenardy, Michael | ||
| 245 | 0 | _aIntroduction to partial differential equations | |
| 250 | _a2nd | ||
| 260 |
_bSpringer-Inter _c2004 |
||
| 300 | _a434 | ||
| 942 |
_2ddc _cBK |
||
| 999 |
_c11673 _d11673 |
||